|
|
|
|
| LEADER |
01335pam a2200349 a 4500 |
| 001 |
37732 |
| 003 |
BD-DhAAL |
| 005 |
20220216105927.0 |
| 008 |
220216t1995 mau b 001 0 eng d |
| 999 |
|
|
|c 43520
|d 43520
|
| 010 |
|
|
|a 94000759
|
| 020 |
|
|
|a 0205162479
|
| 020 |
|
|
|a 9780205162475
|
| 040 |
|
|
|a DLC
|c DLC
|d DLC
|d BD-DhAAL
|
| 043 |
|
|
|a n-us---
|
| 050 |
0 |
0 |
|a LC1099.3
|b .G76 1995
|
| 082 |
0 |
0 |
|a 370.1960973
|2 20
|
| 100 |
1 |
|
|a Grossman, Herbert,
|d 1934-
|9 45830
|
| 245 |
1 |
0 |
|a Teaching in a diverse society /
|c Herbert Grossman.
|
| 260 |
|
|
|a Boston :
|b Allyn and Bacon,
|c c1995.
|
| 300 |
|
|
|a xii, 340 pages ;
|c 24 cm.
|
| 504 |
|
|
|a Includes bibliographical references and index.
|
| 526 |
|
|
|a BIED
|
| 541 |
|
|
|a Complimentary copy from BIED
|e 37732
|
| 650 |
|
0 |
|a Multicultural education
|z United States.
|9 45831
|
| 650 |
|
0 |
|a Minorities
|x Education
|z United States.
|9 45832
|
| 650 |
|
0 |
|a Discrimination in education
|z United States.
|9 45833
|
| 650 |
|
0 |
|a Educational equalization
|z United States.
|9 45834
|
| 650 |
|
0 |
|a Education.
|9 45835
|
| 852 |
|
|
|a Ayesha Abed Library
|c BIED Collection
|
| 942 |
|
|
|2 ddc
|c BK
|
| 952 |
|
|
|0 0
|1 0
|2 ddc
|4 0
|6 370_196097300000000_GRO
|7 0
|9 69814
|a BRACUL
|b BRACUL
|c GEN
|d 2022-02-16
|e Complimentary copy from BIED
|l 0
|o 370.1960973 GRO
|p 3010037732
|r 2022-02-16
|t 1
|w 2022-02-16
|y BK
|x Transferred from BIED to General Stacks
|